UBT Library

My iPad / (Record no. 41711)

000 -LEADER
fixed length control field 00640cam a2200229 i 4500
001 - CONTROL NUMBER
control field 18295324
005 - DATE AND TIME OF LATEST TRANSACTION
control field 20180205032103.0
008 - FIXED-LENGTH DATA ELEMENTS--GENERAL INFORMATION
fixed length control field 140909t20152015inua 000 0 eng
010 ## - LIBRARY OF CONGRESS CONTROL NUMBER
LC control number 2014950817
020 ## - INTERNATIONAL STANDARD BOOK NUMBER
International Standard Book Number 9780789753465 (pbk. : alk. paper)
040 ## - CATALOGING SOURCE
Original cataloging agency DLC
Language of cataloging eng
Description conventions rda
Transcribing agency DLC
Modifying agency DLC
041 ## - LANGUAGE CODE
Language code of text/sound track or separate title eng
042 ## - AUTHENTICATION CODE
Authentication code pcc
080 ## - UNIVERSAL DECIMAL CLASSIFICATION NUMBER
Universal Decimal Classification number 004.167 gar
082 00 - DEWEY DECIMAL CLASSIFICATION NUMBER
Classification number 004.167 gar
Edition number 23
100 1# - Rafti
Rafti 31
101 ## - Shkurtesa
Shkurtesa shk
245 10 - TITLE STATEMENT
Title My iPad /
Statement of responsibility, etc Gary Rosenzweig.
906 ## - LOCAL DATA ELEMENT F, LDF (RLIN)
a 7
b cbc
c orignew
d 2
e epcn
f 20
g y-gencatlg
942 ## - ADDED ENTRY ELEMENTS (KOHA)
Source of classification or shelving scheme
Item type Books

No items available.

UBT Library © 2015-2024. All rights reserved University Education for Business and Technology